Pendadulum healing handbook : (Record no. 129387)
[ view plain ]
| 000 -LEADER | |
|---|---|
| fixed length control field | 01552nam a22002777a 4500 |
| 003 - CONTROL NUMBER IDENTIFIER | |
| control field | dpl |
| 005 - DATE AND TIME OF LATEST TRANSACTION | |
| control field | 20180606155717.0 |
| 008 - FIXED-LENGTH DATA ELEMENTS--GENERAL INFORMATION | |
| fixed length control field | 180606b xxu||||| |||| 00| 0 eng d |
| 010 ## - LIBRARY OF CONGRESS CONTROL NUMBER | |
| LC control number | B-042589 |
| 020 ## - INTERNATIONAL STANDARD BOOK NUMBER | |
| Terms of availability | 00.00 |
| International Standard Book Number | 8178220032 |
| 035 ## - SYSTEM CONTROL NUMBER | |
| System control number | B-042589, B-042592 |
| 037 ## - SOURCE OF ACQUISITION | |
| Source of stock number/acquisition | Cen Lib/Ret |
| 040 ## - CATALOGING SOURCE | |
| Original cataloging agency | DPL |
| Language of cataloging | EN |
| Transcribing agency | 0 |
| 082 ## - DEWEY DECIMAL CLASSIFICATION NUMBER | |
| Classification number | 615.89 |
| Item number | LUB |
| 100 ## - MAIN ENTRY--PERSONAL NAME | |
| Personal name | Lubeck, Walter |
| 9 (RLIN) | 26218 |
| 245 ## - TITLE STATEMENT | |
| Title | Pendadulum healing handbook : |
| Statement of responsibility, etc | by walter Lubeck; translated by Christine M. Grim |
| Remainder of title | compelete guide boo on how to use the pendulum to choose appropriate remedies for healing body, mind and spirit / |
| 246 ## - VARYING FORM OF TITLE | |
| Remainder of title | |
| 260 ## - PUBLICATION, DISTRIBUTION, ETC. (IMPRINT) | |
| Name of publisher, distributor, etc | New Age books |
| Date of publication, distribution, etc | 2000 |
| Place of publication, distribution, etc | New Delhi |
| 270 ## - ADDRESS | |
| City | New Delhi |
| Address | A-44, Naraina phase 1 |
| Postal code | 110028 |
| 300 ## - PHYSICAL DESCRIPTION | |
| Extent | 205p.: |
| Dimensions | 22cm(Hb) |
| Other physical details | ill. |
| 500 ## - GENERAL NOTE | |
| General note | Includes bibliographical references |
| 650 ## - SUBJECT ADDED ENTRY--TOPICAL TERM | |
| Topical term or geographic name as entry element | Alternative medicine |
| 9 (RLIN) | 26219 |
| 650 ## - SUBJECT ADDED ENTRY--TOPICAL TERM | |
| Topical term or geographic name as entry element | Pendulum Library management |
| 9 (RLIN) | 26220 |
| 700 ## - ADDED ENTRY--PERSONAL NAME | |
| Personal name | Grimm, Christine M. |
| 9 (RLIN) | 2505 |
| 942 ## - ADDED ENTRY ELEMENTS (KOHA) | |
| Source of classification or shelving scheme | Dewey Decimal Classification |
| Koha item type | English Books |
| Classification part | 615.89 |
| Call number suffix | LUB |
| Withdrawn status | Lost status | Damaged status | Not for loan | Home library | Current library | Date acquired | Source of acquisition | Cost, normal purchase price | Total Checkouts | Full call number | Barcode | Date last seen | Date checked out | Copy number | Cost, replacement price | Price effective from | Koha item type | Source of classification or shelving scheme | Collection code |
|---|---|---|---|---|---|---|---|---|---|---|---|---|---|---|---|---|---|---|---|
| Central Library | Central Library | 06/07/2015 | Cen Lib/Ret | 0.00 | 4 | 615.89 LUB | B-042589 | 29/11/2017 | 15/11/2017 | 1 | 0.00 | 06/07/2015 | English Books | ||||||
| Shahdara Branch | Shahdara Branch | 06/06/2018 | BPPD/PUB | 0.00 | 615.89 LUB | B-042592 | 06/06/2018 | 0.00 | 06/06/2018 | English Books | Dewey Decimal Classification | Non-fiction |
